A decade of trade liberalization in India (Record no. 492196)

000 -LEADER
fixed length control field 00462cam a22001457a 4500
008 - FIXED-LENGTH DATA ELEMENTS--GENERAL INFORMATION
fixed length control field 180718b2001 xxu||||| |||| 00| 0 eng d
020 ## - INTERNATIONAL STANDARD BOOK NUMBER
International Standard Book Number 8187884010
082 ## - DEWEY DECIMAL CLASSIFICATION NUMBER
Classification number T19x54 P136
245 ## - TITLE STATEMENT
Title A decade of trade liberalization in India
Statement of responsibility, etc. edited by K. Padmanabhan
260 ## - PUBLICATION, DISTRIBUTION, ETC.
Place of publication, distribution, etc. Tirupattur
Name of publisher, distributor, etc. Indian Institute of Public Administration
Date of publication, distribution, etc. 2001
300 ## - PHYSICAL DESCRIPTION
Extent 217p.
650 ## - SUBJECT ADDED ENTRY--TOPICAL TERM
Topical term or geographic name entry element India - Economic policy
650 ## - SUBJECT ADDED ENTRY--TOPICAL TERM
Topical term or geographic name entry element India - Economic conditions
700 ## - ADDED ENTRY--PERSONAL NAME
Personal name Padmanabhan, K.
Holdings
Withdrawn status Lost status Damaged status Not for loan Permanent Location Current Location Date acquired Full call number Barcode Date last seen Price effective from Koha item type
        Indian Institute of Public Administration Indian Institute of Public Administration 2018-08-04 T19x54 P136 GR16114 2018-08-04 2018-08-04 GR
        Indian Institute of Public Administration Indian Institute of Public Administration 2018-08-04 T19x54 P136 GR16113 2018-08-04 2018-08-04 GR

Powered by Koha